Atletisme : reglament oficial reglament oficial
ISBN:
84-7739-288-9
Descripción Física:
141 p., taules ; 20 cm
Otros Autores:
Catalunya. Secretaria General de l'Esport
MARC
| LEADER | 00000nam a2200000Ia 4500 | ||
|---|---|---|---|
| 001 | 16357 | ||
| 008 | 160829s1992 xx 000 0 cat d | ||
| 020 | |a 84-7739-288-9 | ||
| 080 | |a P-1-47 | ||
| 245 | |a Atletisme : |b reglament oficial | ||
| 260 | |a Barcelona : |b Enciclopèdia Catalana, |c 1992 | ||
| 300 | |a 141 p., taules ; |c 20 cm | ||
| 590 | |a A la coberta: Generalitat de Catalunya. Departament de la Presidència. Secretaria General de l'Esport | ||
| 650 | |a Atletisme |x Barcelona |x 1992 |x Reglaments |9 22007 | ||
| 700 | |a Catalunya. Secretaria General de l'Esport |9 35461 | ||
| 901 | |a Arxiu | ||
| 942 | |n 1 | ||
| 952 | |0 0 |1 0 |4 0 |6 P147 |7 1 |9 41998 |a Arxiu |b Arxiu |d 2016-12-01 |l 0 |o P-1-47 |p 16357 |r 2016-12-01 00:00:00 |w 2016-12-01 |y ARXIU | ||
| 999 | |c 44445 |d 44445 | ||